Städte an der Wupper - Statistiken

Allgemein
  • Dieses Quiz wurde 57 mal gespielt
  • Das Durchschnittsergebnis liegt bei 4 aus 5
Antwortstatistiken
Bildquiz Hint Antwort % Korrekt
354.572 Einwohner Wuppertal
100%
111.770 Einwohner Remscheid
87%
158.957 Einwohner Solingen
81%
163.853 Einwohner Leverkusen
78%
30.306 Einwohner Ennepetal
19%
Keine übereinstimmenden Quizze gefunden
Verteilung der Resultate
Anzahl Personen mit jedem Resultat
Perzentil nach korrekt beantworteten Fragen
Ihre Resultats-Entwicklung
Sie haben dieses Quiz noch nicht gespielt